| 000 | 01268nam0a22002531 4500 | ||
|---|---|---|---|
| 001 | rc\3286375 | ||
| 005 | 20250609173555.0 | ||
| 021 |
_aRU _bРг12184-72 |
||
| 021 |
_aRU _b72-40541 |
||
| 035 | _a(NLR Aleph) 007400842 | ||
| 090 |
_a6710719 _c6710719 |
||
| 100 | _a20130115d1972 |||y0rusy50 ca | ||
| 101 | 0 | _arus | |
| 102 | _aRU | ||
| 105 | _ay z ||||| | ||
| 200 | 1 |
_aТезисы докладов на республиканской научной конференции "Улучшение селекционно-семеноводческой работы с зерновыми и зернобобовыми культурами" (23-25 мая 1972 г.) _fМ-во сел. хоз-ва РСФСР. Науч.-исслед. ин-т сел. хоз-ва центр. р-нов нечерноземной зоны |
|
| 210 |
_aМосква _cБ. и. _d1972 |
||
| 215 |
_a[1], 38 с. _d20 |
||
| 710 | 1 | 2 | _a"Улучшение селекционно-семеноводческой работы с зерновыми и зерно-бобовыми культурами", российская респ. науч. конференция (1972; Москва) |
| 801 | 0 |
_aRU _bNLR _gpsbo |
|
| 801 | 1 |
_aRU _bELAR _2rusmarc |
|
| 852 |
_aNLR _j72-4/21385 |
||
| 942 | _cBOOK | ||
| 980 | _aNB | ||